| 000 | 01434cam a22002054a 4500 | ||
|---|---|---|---|
| 005 | 20250605163930.0 | ||
| 008 | 250528s ||||||||||||||||||||||||d | ||
| 035 | _a14651 | ||
| 020 | _a53416644 | ||
| 040 |
_aGR-AtMCL _bgre _dGR-AtMCL _eAACR2 |
||
| 245 | 1 | _aTheories of Personality / Fifth Edition | |
| 250 | _a5th | ||
| 260 |
_bBrooks/Cole Publishing Company, _c1993 |
||
| 300 | _a622 | ||
| 520 | _aAn Introduction to the Discipline, Personality and the Scientific Outlook, Psychoanalytic and Neoanalytic Perspectives, Freud's Psychoanalytic Theory, Jung's Analytical Psychology, Adler's Individual Psychology, Horney's Social and Cultural Psychoanalysis, Fromm's Humanistic Psychoanalysis, Errikson's Psychoanalytic Ego Psychology, Trait Perspectives, Allport's Trait Theory, Cattell's Structure-Based Systems Theory, Eysenck's Biological Typology, Cognitive Perspectives, Kelly's Theory of Personal Xonstructs, Humanistic and Existential Perspectives, Maslow's Self-Actualization Position, Roger's Person-Centered Theory, May's Existential-Analytic Position, Social-Behavioristic Perspectives, Skinner's Operant Analysis, Rotter's Expectancy-Reinforcement Value Model, Bandura's Social Cognitive Theory, The Role of Personality Theories in Contemporary Personality Psychology, Contributions of Personality Theories to the Discipline. | ||
| 700 | 1 |
_aRyckman Richard M _9384 |
|
| 942 | _cBK | ||
| 999 |
_c275 _d275 |
||